000 00717cam a22002651 4500
001 sa 65005517
003 DLC
005 20260227112138.0
008 890908s1964 ii b 000 0 hino
010 _asa 65005517
035 _a(OCoLC)20316785
040 _aDLC
_cWaU
_dDLC
042 _apremarc
043 _aa-ii---
050 0 0 _aHE271
_b.N23
100 1 _aNagar, Vishnu Datt.
245 1 0 _aBhāratīya parivahana kī samasyāem̐ aura siddhānta.
260 _c[1964]
300 _a8, 402 p.
_c22 cm.
500 _aIn Hindi.
504 _aIncludes bibliographies.
650 0 _aTransportation
_zIndia.
700 1 _aGuptā, Rāmapratāpa.
740 0 _aPrinciples and problems of Indian transport.
999 _c64374
_d64374